Unifying concepts in ecology : report of the plenary sessions of the first international congress of ecology, The Hage, The Netherlands, September 8-14, 1974

Saved in:
Bibliographic Details
Corporate Author: International Congress of Ecology The Hague, the Netherlands
Other Authors: Dobben, W. H. van (Editor), McConnell, Ro (Editor)
Format: Conference Proceeding Book
Language:English
Published: Hague : Dr W. Junk B. V., 1975.
Subjects:
Tags: Add Tag
No Tags, Be the first to tag this record!

MARC

LEADER 00000cam a2200000 i 4500
001 1/269
008 950630s1975 ne | ||| |||| ||eng||
020 |a 9061931746 
035 |l 10014019 
040 |a GR-MyUa  |b gre  |e AACR2 
041 0 |a eng 
082 7 |a 574.5   |2 (22) 
111 2 |a International Congress of Ecology   |n (1st :   |d 1974 :   |c The Hague, the Netherlands) 
245 1 0 |a Unifying concepts in ecology :   |b report of the plenary sessions of the first international congress of ecology, The Hage, The Netherlands, September 8-14, 1974 /   |c editors: W.H. van Dobben and R.H. Lowe-McConnell. 
260 |a Hague :   |b Dr W. Junk B. V.,   |c 1975. 
300 |a 302 σ. :   |b εικ. ;   |c 24 εκ. 
650 0 0 |a Ecology. 
700 1 |a Dobben, W. H. van,  |e edt 
700 1 |a McConnell, Ro,  |e edt 
852 |a INST  |b LESVOS  |e 19950630  |h 574.5 UNI  |p 005100008240  |q 005100008240  |t BK  |y 0 
922 |a 1ΕΛΗ  |b 199205  |c ΠΠ/2127